| 000 | 004420000a22001690004500 | ||
|---|---|---|---|
| 020 | _a0-8308-5362-6 | ||
| 041 | 0 | _aENG | |
| 082 | 0 | 4 | _aG 266 K993s |
| 245 | 1 | 0 | _aShould I not be concerned? / John E. Kyle, Compilador |
| 260 | _aDowners Grove, ILL., USA : InterVarsity | ||
| 300 | _a167 Pag | ||
| 001 | 7226 | ||
| 942 | _cBK | ||
| 999 |
_c37445 _d37445 |
||
| 336 |
_atexto _btxt _2rdacontent |
||
| 337 |
_2rdamedia _asin mediación _bn |
||
| 338 |
_2rdacarrier _avolumen _bnc |
||